Statistics for Regions of Serbia

Click here to take the quiz!

General Stats

  • This quiz has been taken 10 times
  • The average score is 4 of 5

Answer Stats

NUTS 1 RegionAnswer% Correct
Serbia-NorthAutonomous Province of Vojvodina
100%
Serbia-NorthBelgrade
89%
Serbia-SouthAutonomous Province of Kosovo and Metohija
78%
Serbia-SouthŠumadija and Western Serbia
67%
Serbia-SouthSouthern and Eastern Serbia
22%

Score Distribution

Percentile by Number Answered

Percent of People with Each Score

Your Score History

You have not taken this quiz